<?xml version="1.0" encoding="UTF-8"?>
<record
    xmlns:xsi="http://www.w3.org/2001/XMLSchema-instance"
    xsi:schemaLocation="http://www.loc.gov/MARC21/slim http://www.loc.gov/standards/marcxml/schema/MARC21slim.xsd"
    xmlns="http://www.loc.gov/MARC21/slim">

  <leader>03299nam a2200553Ia 4500</leader>
  <controlfield tag="001">5229</controlfield>
  <controlfield tag="008">241029s9999    xx            000 0 und d</controlfield>
  <datafield tag="010" ind1=" " ind2=" ">
    <subfield code="a">4933</subfield>
  </datafield>
  <datafield tag="041" ind1=" " ind2=" ">
    <subfield code="a">Espa&#xF1;ol</subfield>
  </datafield>
  <datafield tag="082" ind1=" " ind2=" ">
    <subfield code="a">NO APLICA</subfield>
  </datafield>
  <datafield tag="245" ind1=" " ind2="0">
    <subfield code="a">Ense&#xF1;anza-Aprendizaje del &#xC1;lgebra por medio de las TICs en el Primer Grado del Segundo Ciclo del Nivel Medio en el Distrito Educativo 10-04.</subfield>
  </datafield>
  <datafield tag="260" ind1=" " ind2=" ">
    <subfield code="a">Santo Domingo</subfield>
  </datafield>
  <datafield tag="300" ind1=" " ind2=" ">
    <subfield code="a">67</subfield>
  </datafield>
  <datafield tag="520" ind1=" " ind2=" ">
    <subfield code="a">48</subfield>
  </datafield>
  <datafield tag="630" ind1=" " ind2=" ">
    <subfield code="a">Ense&#xF1;anza-Aprendizaje</subfield>
  </datafield>
  <datafield tag="630" ind1=" " ind2=" ">
    <subfield code="a">Matem&#xE1;tica</subfield>
  </datafield>
  <datafield tag="630" ind1=" " ind2=" ">
    <subfield code="a">Nivel Medio</subfield>
  </datafield>
  <datafield tag="630" ind1=" " ind2=" ">
    <subfield code="a">Tecnolog&#xED;a de la Informaci&#xF3;n y Comunicaci&#xF3;n (TICs)</subfield>
  </datafield>
  <datafield tag="650" ind1=" " ind2=" ">
    <subfield code="a">Matem&#xE1;tica</subfield>
  </datafield>
  <datafield tag="690" ind1=" " ind2=" ">
    <subfield code="a">Elaborado</subfield>
  </datafield>
  <datafield tag="700" ind1=" " ind2=" ">
    <subfield code="e">asesor</subfield>
    <subfield code="a">Byas, Roberto </subfield>
  </datafield>
  <datafield tag="700" ind1=" " ind2=" ">
    <subfield code="e">autor</subfield>
    <subfield code="a">Mu&#xF1;oz Corniel, Eduard de Jes&#xFA;s </subfield>
  </datafield>
  <datafield tag="901" ind1=" " ind2=" ">
    <subfield code="a">{"1":"Mu&#xF1;oz Corniel"}</subfield>
    <subfield code="b">{"1":"Eduard de Jes&#xFA;s "}</subfield>
  </datafield>
  <datafield tag="902" ind1=" " ind2=" ">
    <subfield code="a">1</subfield>
  </datafield>
  <datafield tag="903" ind1=" " ind2=" ">
    <subfield code="a">{"1":"Byas"}</subfield>
    <subfield code="b">{"1":"Roberto "}</subfield>
  </datafield>
  <datafield tag="904" ind1=" " ind2=" ">
    <subfield code="a">Maestr&#xED;a Profesionalizante en</subfield>
  </datafield>
  <datafield tag="905" ind1=" " ind2=" ">
    <subfield code="a">Did&#xE1;ctica de las Matem&#xE1;ticas</subfield>
  </datafield>
  <datafield tag="906" ind1=" " ind2=" ">
    <subfield code="a">2</subfield>
  </datafield>
  <datafield tag="907" ind1=" " ind2=" ">
    <subfield code="a">NO APLICA</subfield>
  </datafield>
  <datafield tag="908" ind1=" " ind2=" ">
    <subfield code="a">NO APLICA</subfield>
  </datafield>
  <datafield tag="909" ind1=" " ind2=" ">
    <subfield code="a">Universidad Aut&#xF3;noma de Santo Domingo (UASD)</subfield>
  </datafield>
  <datafield tag="910" ind1=" " ind2=" ">
    <subfield code="a">NULL</subfield>
    <subfield code="b">NULL</subfield>
  </datafield>
  <datafield tag="911" ind1=" " ind2=" ">
    <subfield code="a">["1"]</subfield>
  </datafield>
  <datafield tag="912" ind1=" " ind2=" ">
    <subfield code="a">NO APLICA</subfield>
  </datafield>
  <datafield tag="913" ind1=" " ind2=" ">
    <subfield code="a">NULL</subfield>
  </datafield>
  <datafield tag="914" ind1=" " ind2=" ">
    <subfield code="a">02 de Marzo de 2015</subfield>
  </datafield>
  <datafield tag="915" ind1=" " ind2=" ">
    <subfield code="a">19/12/19 03:12</subfield>
  </datafield>
  <datafield tag="916" ind1=" " ind2=" ">
    <subfield code="a">NULL</subfield>
  </datafield>
  <datafield tag="917" ind1=" " ind2=" ">
    <subfield code="a">NULL</subfield>
  </datafield>
  <datafield tag="918" ind1=" " ind2=" ">
    <subfield code="a">NO APLICA</subfield>
  </datafield>
  <datafield tag="919" ind1=" " ind2=" ">
    <subfield code="a">["89","135","240","296"]</subfield>
  </datafield>
  <datafield tag="520" ind1=" " ind2=" ">
    <subfield code="a">El estudio tuvo como prop&#xF3;sito analizar la formaci&#xF3;n de los docentes en el uso de las tecnolog&#xED;as en el proceso ense&#xF1;anza-aprendizaje del &#xC1;lgebra en el Segundo Ciclo de la Educaci&#xF3;n Media del Distrito Educativo 10-04, a&#xF1;o 2013-2014.&#xA0;La investigaci&#xF3;n fue de tipo descriptiva, y los m&#xE9;todos empleados fueron; an&#xE1;lisis documental, deductivo y inductivo. Las t&#xE9;cnicas utilizadas fueron encuesta, entrevista y la observaci&#xF3;n. La poblaci&#xF3;n objeto de estudio estuvo conformada por&#xA0;el total de los docentes que imparten el &#xE1;rea de Matem&#xE1;tica son treinta y un (31) de los cuales diecis&#xE9;is (16) imparten docencia en el 3ro. de bachiller.El estudio concluy&#xF3;, que la introducci&#xF3;n de las TICs en el proceso ense&#xF1;anza-aprendizaje del&#xA0;&#xC1;lgebra junto a la formaci&#xF3;n tecnol&#xF3;gica de los docentes contribuy&#xF3; considerablemente a dinamizar dicho proceso, mejorar el desempe&#xF1;o de los docentes en aula. Adem&#xE1;s, de presentar los conocimientos de forma interactiva y atractiva para los adolescentes y sobre todo a mejorar el tipo de conocimiento construido con los alumnos/as.El estudio recomend&#xF3;, usar las tecnolog&#xED;as existentes y apoyar con m&#xE1;s recursos tecnol&#xF3;gicos los diferentes centros educativos de nuestra sociedad, ya que en el mismo estudio, los profesores nos dicen que tienen plasmas y otros equipos, pero los directores y directoras, no los usan por temor a que se da&#xF1;en. Tambi&#xE9;n se consider&#xF3; regalar a los docentes computadores para las presentaciones de sus clases, para que sean m&#xE1;s interactivas, y as&#xED; los docentes traer&#xED;an sus clases listas desde sus casas y no se perder&#xED;a tiempo, buscando esos equipos en las direcciones de los centros. Adem&#xE1;s, se sugiri&#xF3; que todas las aulas tengan instalados proyectores o plasmas para las presentaciones de las clases.</subfield>
  </datafield>
  <datafield tag="921" ind1=" " ind2=" ">
    <subfield code="a">50</subfield>
  </datafield>
  <datafield tag="922" ind1=" " ind2=" ">
    <subfield code="a">50</subfield>
  </datafield>
  <datafield tag="923" ind1=" " ind2=" ">
    <subfield code="a">0</subfield>
  </datafield>
  <datafield tag="924" ind1=" " ind2=" ">
    <subfield code="a">20190909185938</subfield>
  </datafield>
  <datafield tag="942" ind1=" " ind2=" ">
    <subfield code="c">Tesis</subfield>
  </datafield>
  <datafield tag="999" ind1=" " ind2=" ">
    <subfield code="c">4933</subfield>
    <subfield code="d">4933</subfield>
  </datafield>
</record>
